000 00451nam a2200145 a 4500
999 _c2334
_d2334
020 _a0230638694 (paperback)
020 _a9780230638693 (paperback)
100 1 _aBhadury., Bikash.
245 1 0 _aManufacturing Systems Engineering /
260 _aNew Delhi:
_bMcMillan Publishers,
_c2009.
300 _a1 v. (unpaged)
650 _aManufacturing Engineering
856 4 0 _uhttp://www.amazon.com/exec/obidos/ASIN/0230638694/chopaconline-20
942 _cBK